| 000 | 00000nam 2200000za 4500 |
| 001 | 9.846613 |
| 003 | CaOODSP |
| 005 | 20221107153238 |
| 007 | cr ||||||||||| |
| 008 | 180504s2013 onc |o f000 0 eng d |
| 040 | |aCaOODSP|beng |
| 043 | |an-cn-bc |
| 086 | 1 |aM159-18/2013E-PDF |
| 245 | 00|aFort Nelson Carbon Capture and Storage Feasibility Project |h[electronic resource] / |c[Office of Energy Research and Development]. |
| 260 | |a[Ottawa : |bOffice of Energy Research and Development], |cc2013. |
| 300 | |a[1] p. |
| 500 | |aIssued also in French under title: Projet de faisabilité du captage et du stockage de carbone de Fort Nelson. |
| 520 | |a"The Fort Nelson Carbon Capture and Storage (CCS) Feasibility Project is focused on investigating the geological, technical and commercial feasibility of a world-scale CCS project associated with Spectra Energy’s Fort Nelson Gas Plant near Fort Nelson, in northeast British Columbia"--Project description. |
| 692 | 07|2gccst|aNatural gas |
| 692 | 07|2gccst|aGreenhouse gases |
| 693 | 4|aCarbon capture and storage |
| 710 | 1 |aCanada. |bNatural Resources Canada. |
| 710 | 1 |aCanada.|bOffice of Energy Research and Development. |
| 775 | 08|tProjet de faisabilité du captage et du stockage de carbone de Fort Nelson |w(CaOODSP)9.856189 |
| 856 | 40|qPDF|s716 KB|uhttps://publications.gc.ca/collections/collection_2018/rncan-nrcan/m159/M159-18-2013-eng.pdf |